Free on-line information resources for mathematics research and teaching : (Record no. 14961)
[ view plain ]
| 000 -LEADER | |
|---|---|
| fixed length control field | 00628nam a22001812 4500 |
| 001 - CONTROL NUMBER | |
| control field | 0000003855 |
| 005 - DATE AND TIME OF LATEST TRANSACTION | |
| control field | 20151217161134.0 |
| 008 - FIXED-LENGTH DATA ELEMENTS--GENERAL INFORMATION | |
| fixed length control field | 070515s xx 000 0 eng d |
| 040 ## - CATALOGING SOURCE | |
| Original cataloging agency | KABU |
| Transcribing agency | KABU |
| 050 #0 - LIBRARY OF CONGRESS CALL NUMBER | |
| Classification number | QA14 |
| Item number | .A4G37 |
| 100 1# - MAIN ENTRY--PERSONAL NAME | |
| Personal name | Garrett, Martha J. |
| -- | 0000154059 |
| 245 10 - TITLE STATEMENT | |
| Title | Free on-line information resources for mathematics research and teaching : |
| Remainder of title | a guide for mathematicians in Sub-Saharan Africa. Version 2006. |
| 300 ## - PHYSICAL DESCRIPTION | |
| Extent | 34 p. |
| 650 #0 - SUBJECT ADDED ENTRY--TOPICAL TERM | |
| Topical term or geographic name as entry element | Mathematics |
| General subdivision | Study and teaching |
| Geographic subdivision | Africa, Sub-Saharan. |
| -- | 0000154060 |
| 908 ## - PUT COMMAND PARAMETER (RLIN) | |
| Put command parameter | 070515 |
| 950 ## - LOCAL HOLDINGS (RLIN) | |
| -- | 1 |
| Withdrawn status | Lost status | Source of classification or shelving scheme | Not for loan | Home library | Current library | Date acquired | Total Checkouts | Full call number | Barcode | Date last seen | Price effective from | Koha item type |
|---|---|---|---|---|---|---|---|---|---|---|---|---|
| Library of Congress Classification | Not For Loan | Kabarak, Main Campus | Kabarak, Main Campus | 17/12/2015 | QA14 .A4G37 | 009978 | 17/12/2015 | 17/12/2015 | Reference |